<?xml version="1.0" encoding="UTF-8"?>
<collection xmlns="http://www.loc.gov/MARC21/slim">
 <record>
  <leader>01641naa a2200349   4500</leader>
  <controlfield tag="001">182026257X</controlfield>
  <controlfield tag="003">DE-627</controlfield>
  <controlfield tag="005">20221028111946.0</controlfield>
  <controlfield tag="007">cr uuu---uuuuu</controlfield>
  <controlfield tag="008">221028s2015    xx |||||oo    00| ||ita c</controlfield>
  <datafield tag="035" ind1=" " ind2=" ">
   <subfield code="a">(DE-627)182026257X</subfield>
  </datafield>
  <datafield tag="035" ind1=" " ind2=" ">
   <subfield code="a">(DE-599)KXP182026257X</subfield>
  </datafield>
  <datafield tag="040" ind1=" " ind2=" ">
   <subfield code="a">DE-627</subfield>
   <subfield code="b">ger</subfield>
   <subfield code="c">DE-627</subfield>
   <subfield code="e">rda</subfield>
  </datafield>
  <datafield tag="041" ind1=" " ind2=" ">
   <subfield code="a">ita</subfield>
  </datafield>
  <datafield tag="084" ind1=" " ind2=" ">
   <subfield code="a">Kunst</subfield>
   <subfield code="q">DE-16</subfield>
   <subfield code="2">fid</subfield>
  </datafield>
  <datafield tag="100" ind1="1" ind2=" ">
   <subfield code="a">Liverani, Paolo</subfield>
   <subfield code="d">1959-</subfield>
   <subfield code="e">VerfasserIn</subfield>
   <subfield code="0">(DE-588)132098911</subfield>
   <subfield code="0">(DE-627)517894025</subfield>
   <subfield code="0">(DE-576)165499710</subfield>
   <subfield code="4">aut</subfield>
  </datafield>
  <datafield tag="245" ind1="1" ind2="0">
   <subfield code="a">[Rezension von: Gilda Bartoloni, M. Gilda Benedettini, Veio. Il deposito votivo di comunità (scavi 1889-2005)]</subfield>
   <subfield code="c">Rezension von Paolo Liverani</subfield>
  </datafield>
  <datafield tag="264" ind1=" " ind2="1">
   <subfield code="c">2015-01-26</subfield>
  </datafield>
  <datafield tag="300" ind1=" " ind2=" ">
   <subfield code="b">Illustrationen</subfield>
  </datafield>
  <datafield tag="336" ind1=" " ind2=" ">
   <subfield code="a">Text</subfield>
   <subfield code="b">txt</subfield>
   <subfield code="2">rdacontent</subfield>
  </datafield>
  <datafield tag="337" ind1=" " ind2=" ">
   <subfield code="a">Computermedien</subfield>
   <subfield code="b">c</subfield>
   <subfield code="2">rdamedia</subfield>
  </datafield>
  <datafield tag="338" ind1=" " ind2=" ">
   <subfield code="a">Online-Ressource</subfield>
   <subfield code="b">cr</subfield>
   <subfield code="2">rdacarrier</subfield>
  </datafield>
  <datafield tag="655" ind1=" " ind2="7">
   <subfield code="a">Rezension</subfield>
   <subfield code="0">(DE-588)4049712-4</subfield>
   <subfield code="0">(DE-627)106186019</subfield>
   <subfield code="0">(DE-576)209083166</subfield>
   <subfield code="2">gnd-content</subfield>
  </datafield>
  <datafield tag="773" ind1="0" ind2="8">
   <subfield code="i">Enthalten in</subfield>
   <subfield code="t">Histara</subfield>
   <subfield code="d">[S.l.] : [s.n.], 2007</subfield>
   <subfield code="g">(2015) vom: 26. Jan.</subfield>
   <subfield code="h">Online-Ressource</subfield>
   <subfield code="w">(DE-627)559842473</subfield>
   <subfield code="w">(DE-600)2414889-1</subfield>
   <subfield code="w">(DE-576)28138259X</subfield>
   <subfield code="7">nnns</subfield>
  </datafield>
  <datafield tag="773" ind1="1" ind2="8">
   <subfield code="g">year:2015</subfield>
   <subfield code="g">day:26</subfield>
   <subfield code="g">month:01</subfield>
  </datafield>
  <datafield tag="787" ind1="0" ind2="8">
   <subfield code="i">Rezension von</subfield>
   <subfield code="a">Bartoloni, Gilda, 1944 - </subfield>
   <subfield code="t">Corpus delle stipi votive in Italia ; 21 : Regio VII ; 3: Veio</subfield>
   <subfield code="d">Roma : Bretschneider, 2011</subfield>
   <subfield code="h">807, XCII S.</subfield>
   <subfield code="w">(DE-627)1415045984</subfield>
   <subfield code="w">(DE-576)34504598X</subfield>
   <subfield code="z">9788876892509</subfield>
   <subfield code="z">8876892508</subfield>
  </datafield>
  <datafield tag="856" ind1="4" ind2="0">
   <subfield code="u">http://histara.sorbonne.fr/cr.php?cr=1404</subfield>
   <subfield code="x">Verlag</subfield>
   <subfield code="z">kostenfrei</subfield>
   <subfield code="3">Volltext</subfield>
  </datafield>
  <datafield tag="936" ind1="u" ind2="w">
   <subfield code="j">2015</subfield>
   <subfield code="b">26</subfield>
   <subfield code="c">1</subfield>
  </datafield>
  <datafield tag="951" ind1=" " ind2=" ">
   <subfield code="a">AR</subfield>
  </datafield>
  <datafield tag="994" ind1=" " ind2=" ">
   <subfield code="u">http://histara.sorbonne.fr/cr.php?cr=1404</subfield>
  </datafield>
  <datafield tag="991" ind1=" " ind2=" ">
   <subfield code="a">Rezension (Monographie, Zeitschrift, Aufsatz)</subfield>
  </datafield>
  <datafield tag="999" ind1=" " ind2=" ">
   <subfield code="a">KXP-PPN182026257X</subfield>
   <subfield code="e">420337054X</subfield>
  </datafield>
 </record>
</collection>
